| 000 | 00407nam a2200157Ia 4500 | ||
|---|---|---|---|
| 008 | 230524s9999 xx 000 0 und d | ||
| 082 |
_a621.382 _bKUM |
||
| 100 | _aVerendra Kumar. | ||
| 245 | 0 | _aDigital Electronics Theory and Experiments | |
| 250 | _a1ST | ||
| 260 |
_aNEW DELHI _bNew age international _c2005 |
||
| 300 | _aXV;304 | ||
| 500 | _aQuantity Number: 6 | ||
| 650 | _aElectronics | ||
| 942 | _cBK | ||
| 999 |
_c7205 _d7205 |
||